000 00803nam a2200253 i 4500
001 141058
003 ES-MaACL
005 20230906200219.0
007 t|
008 070919s1993 fr ||||1| fre d
020 _a2-253-06362-2
080 _a82-1.08(038)
100 1 _aAquien, Michèle.
_9141159
245 1 0 _aDictionnaire de poétique /
_cpar Michèle aquien.
260 _aParis :
_bLibrairie Générale Française,
_c[1993]
300 _a344 ;
_c18 cm.
490 1 _aLe Livre de poche. Les usuels de poche
500 _aBiblioteca Jacinto Martínez Lacalle.
500 _aBibliografía: 327-333. Indice.
650 1 4 _aPoética-
_vDiccionarios.
_916255
830 0 _aLe Livre de poche. Les usuels de poche
_9220379
852 _aES-MaACL
_jE-12160
_bR.140037
999 _c141058
_d141058